BIBLIOTECA Y CENTRO DE DOCUMENTACIÓN
Vista normal Vista MARC
  • Vega Navarro, Angel de la

Entrada Personal Name

Número de registros utilizados en: 1

001 - CONTROL NUMBER

  • control field: 2397

003 - CONTROL NUMBER IDENTIFIER

  • control field: armounm

005 - DATE AND TIME OF LATEST TRANSACTION

  • control field: 20120319105140.0

008 - FIXED-LENGTH DATA ELEMENTS

  • fixed length control field: 120306|||a|||||| | ||| d

040 ## - CATALOGING SOURCE

  • Original cataloging agency: AR-MoUNM

100 ## - HEADING--PERSONAL NAME

  • Personal name: Vega Navarro, Angel de la

670 ## - SOURCE DATA FOUND

  • Source citation: Work cat.: (): Aglietta, Michel. 2393, La violencia de la moneda /, 1990.
Biblioteca UNM
Universidad Nacional de Moreno
Av. Bme. Mitre Nº 1891 (B1744OHC) Moreno
Provincia de Buenos Aires, República Argentina
(0237) 460-9300 (líneas rotativas)
(011) 2078-9170 (líneas rotativas)
biblioteca@unm.edu.ar
Universidad del Bicentenario Argentino